000 00770nam a2200229 i 4500
001 59554
003 ES-MaACL
005 20250902063056.0
007 t|
008 031029s1982 sp ||||1| spa d
100 1 _aEnde, Michael,
_d1929-1995
_9242176
245 1 3 _aLa historia interminable
_b: de la A a la Z /
_ccon letras y dibujos de Roswitha Quadflieg ; traducción de Miguel Sènz.
250 _a[4ª ed.].
260 _a[Madrid] :
_bAlfaguara,
_c[1982]
300 _a419 p. :
_bil. ;
_c22 cm.
490 1 _aLiteratura Alfaguara ;
_v85
700 1 _aQuadgflieg, Roswitha.
_994471
700 1 _aSáenz, Miguel,
_d1932-
_9101299
830 0 _aLiteratura Alfaguara ;
_v85
_9178100
852 _aES-MaACL
_jL-3399
_bR.104247
999 _c59554
_d59554